000
00298 a2200121 4500
000
nam a22 7a 4500
005
20260305113822.0
020
_a
9788177021710
100
_a
Ram Karan Sharma
_9
1123573
245
_a
Sudharma (Kavyadharma)
260
_b
Pratibha Prakashan
_c
2008
942
_c
TEXL
999
_c
1688456
_d
1688456